Porovnanie úverov na bývanie na príklade vybranej komerčnej banky na Slovensku bakalárska práca

Saved in:
Bibliographic Details
Main Author: Štefaniková, Tatiana
Corporate Author: Národohospodárska fakulta EU. Katedra bankovníctva a medzinárodných financií
Other Authors: Šturc, Boris, 1961-
Format: Book
Language:Slovak
Published: Bratislava 2018
Tags: Add Tag
No Tags, Be the first to tag this record!

MARC

LEADER 00000nbm a2200000 4500
001 0245877
005 20181214131046.2
041 0 |a slo 
044 |a SK 
245 1 0 |a Porovnanie úverov na bývanie na príklade vybranej komerčnej banky na Slovensku  |b bakalárska práca  |c Tatiana Štefaniková ; školiteľ: Boris Šturc 
264 1 |a Bratislava  |c 2018 
300 |a 47 s. 
100 1 |a Štefaniková, Tatiana 
700 1 |a Šturc, Boris, 1961- 
710 2 |a Národohospodárska fakulta EU. Katedra bankovníctva a medzinárodných financií